000 00681nam a22002297a 4500
003 URS
005 20260330110031.0
008 260224b |||||||| |||| 00| 0 eng d
020 _a9786210223552
040 _cURS
050 _aJX 3695
_b.C8892 2024
100 _aCruz, Isagani A.
245 _aInternational law /
_cIsagani A. Cruz, Carlo L. Cruz
250 _a2024 Edition.--
264 _aQuezon City :
_bCentral Book Supply, Inc.,
_c©2024.
300 _axxi, 721 pages :
_c24 cm.
504 _aIncludes bibliographical references.
650 _a International law
650 _aInternational organization
700 _4Author.
_aCruz, Carlo L.
942 _2lcc
_cF
999 _c98936
_d98933